000 00644nam a2200241Ia 4500
003 OSt
005 20221005115944.0
006 a|||||r|||| 00| 0
007 ta
008 221004b |||||||| |||| 00| 0 eng d
024 _a51421
037 _cTextual
040 _aCRL
_cCRL
_beng
041 _2eng
_aeng
082 _aQ23:447, G91
100 _aSharma Har Dutt
_963301
245 0 _aContribution to the history of Brahmanical asceticism (Samnyasa)
260 _c1939
490 _aPoona oriental series; 64
650 _aRELIGION
942 _hQ23:447, G91
_cTEXL
_2cc
999 _c1036388
_d1036388